000 00337pab a2200145 454500
008 180718b1996 xxu||||| |||| 00| 0 eng d
100 _aAziz, Abdul
245 _aAn outline of the contours of panchayati raj
260 _c1996
300 _ap.3-6
362 _aMar
650 _aPanchayat
773 _aSocial Change
909 _a43025
999 _c43025
_d43025